[Event "Abu Dhabi op 26th"]
[Site "Abu Dhabi"]
[Date "2019.08.08"]
[Round "7"]
[White "Tabada, Jobannie C"]
[Black "Siva, Mahadevan"]
[Result "1/2-1/2"]
[WhiteElo "2216"]
[BlackElo "2270"]
[PlyCount "153"]
[EventDate "2019.08.02"]
[EventType "swiss"]
[EventRounds "9"]
[EventCountry "UAE"]
[SourceTitle "CBM 191 Extra"]
[Source "ChessBase"]
[SourceDate "2019.09.30"]
[SourceVersion "1"]
[SourceVersionDate "2019.09.30"]
[SourceQuality "1"]

1. e4 c5 2. Nf3 d6 3. d4 cxd4 4. Nxd4 Nf6 5. Nc3 a6 6. Be2 e5 7. Nb3 Be7 8. 0-0 0-0 9. Bg5 Be6 10. Qd2 Nbd7 11. Rfd1 b5 12. Bf3 b4 13. Ne2 a5 14. Ng3 Qc7 15. Nf1 Rac8 16. Ne3 Nxe4 17. Bxe4 Bxg5 18. Qxd6 a4 19. Qxc7 Rxc7 20. Nd2 Bxe3 21. fxe3 f5 22. Bd3 e4 23. Bb5 Rxc2 24. Bxa4 Rxb2 25. Bxd7 Bxd7 26. Nb3 Bb5 27. Rdb1 Rxb1+ 28. Rxb1 Bd3 29. Rb2 Rc8 30. Nd4 Rc4 31. Kf2 g6 32. h3 Kf7 33. Rb3 Kf6 34. a3 bxa3 35. Rxa3 Rc1 36. h4 h6 37. Rb3 Ke5 38. g3 g5 39. hxg5 hxg5 40. Rb8 Rf1+ 41. Kg2 f4 42. Re8+ Kd5 43. Rd8+ Kc4 44. Rc8+ Kd5 45. Rd8+ Kc4 46. Rc8+ Kb4 47. gxf4 gxf4 48. Nc6+ Kb3 49. Nd4+ Kb2 50. Rc2+ Kb1 51. Rf2 f3+ 52. Nxf3 exf3+ 53. Kxf3 Re1 54. Rd2 Bc2 55. Kf2 Rh1 56. Kf3 Kb2 57. Rd8 Kc3 58. Ke2 Rh2+ 59. Kf3 Bd3 60. Re8 Rh1 61. Kf4 Rf1+ 62. Kg5 Rf3 63. Kg4 Rf2 64. Kg5 Rf5+ 65. Kg4 Rf1 66. Kg5 Ra1 67. Kf4 Kd2 68. Kg5 Ra4 69. Re7 Be4 70. Kf4 Ba8+ 71. e4 Rd4 72. Kf5 Ke3 73. e5 Bd5 74. e6 Re4 75. Re8 Bxe6+ 76. Rxe6 Rxe6 77. Kxe6 1/2-1/2

[Event "Abu Dhabi op 26th"]
[Site "Abu Dhabi"]
[Date "2019.08.04"]
[Round "4"]
[White "Tabada, Jobannie C"]
[Black "Nandhidhaa, PV."]
[Result "0-1"]
[WhiteElo "2216"]
[BlackElo "2332"]
[PlyCount "66"]
[EventDate "2019.08.02"]
[EventType "swiss"]
[EventRounds "9"]
[EventCountry "UAE"]
[SourceTitle "CBM 191 Extra"]
[Source "ChessBase"]
[SourceDate "2019.09.30"]
[SourceVersion "1"]
[SourceVersionDate "2019.09.30"]
[SourceQuality "1"]

1. e4 c5 2. Nf3 e6 3. d4 cxd4 4. Nxd4 Nc6 5. Nc3 Qc7 6. Be3 Nf6 7. Bd3 a6 8. 0-0 Be7 9. Nb3 b5 10. f4 d6 11. Qf3 Bb7 12. a4 b4 13. Ne2 0-0 14. Qh3 e5 15. Ng3 exf4 16. Rxf4 Ne5 17. Nd4 Ng6 18. Ndf5 d5 19. e5 Qxe5 20. Raf1 Bc8 21. Nh5 Nxh5 22. Qxh5 Bxf5 23. Bxf5 Qxe3+ 24. Kh1 Bf6 25. R1f3 Qc1+ 26. Rf1 Qxb2 27. g4 b3 28. cxb3 Rac8 29. g5 Bd4 30. Qf3 Nh4 31. Qh3 Nxf5 32. Rxf5 Rc3 33. Qh4 Rd3 0-1

[Event "Abu Dhabi op 26th"]
[Site "Abu Dhabi"]
[Date "2019.08.02"]
[Round "1"]
[White "Sindarov, Javokhir"]
[Black "Tabada, Jobannie C"]
[Result "1-0"]
[WhiteElo "2507"]
[BlackElo "2216"]
[PlyCount "51"]
[EventDate "2019.08.02"]
[EventType "swiss"]
[EventRounds "9"]
[EventCountry "UAE"]
[SourceTitle "CBM 191 Extra"]
[Source "ChessBase"]
[SourceDate "2019.09.30"]
[SourceVersion "1"]
[SourceVersionDate "2019.09.30"]
[SourceQuality "1"]

1. e4 c5 2. Nf3 d6 3. d4 cxd4 4. Nxd4 Nf6 5. Nc3 e6 6. g4 h6 7. h4 Nc6 8. Rg1 h5 9. gxh5 Rxh5 10. Bg5 Rh7 11. Qd2 a6 12. 0-0-0 Bd7 13. f4 Be7 14. Nf3 Nh5 15. e5 d5 16. f5 Qa5 17. fxe6 Bxe6 18. Bxe7 Nxe7 19. Ng5 Rh6 20. Nxe6 Rxe6 21. Qg5 d4 22. Qxh5 Rh6 23. Qf3 dxc3 24. Bc4 f5 25. Rxg7 Qxe5 26. Qxb7 1-0

[Event "Sharjah op blitz"]
[Site "Sharjah"]
[Date "2014.07.09"]
[Round "6"]
[White "Tabada, Jobannie C"]
[Black "Moskalenko, Viktor"]
[Result "0-1"]
[WhiteElo "2152"]
[BlackElo "2528"]
[PlyCount "76"]
[EventDate "2014.07.09"]
[EventType "swiss (blitz)"]
[EventRounds "9"]
[EventCountry "UAE"]
[SourceTitle "EXT 2016"]
[Source "ChessBase"]
[SourceDate "2015.10.08"]
[SourceVersion "1"]
[SourceVersionDate "2015.10.08"]
[SourceQuality "1"]

1. e4 d6 2. d4 Nf6 3. Nc3 g6 4. Bd3 Bg7 5. f4 Nc6 6. Nf3 Nb4 7. 0-0 Nxd3 8. Qxd3 0-0 9. e5 Nd7 10. Ng5 Nb6 11. Qg3 Bf5 12. Qh4 h6 13. Nf3 e6 14. Qf2 f6 15. exd6 cxd6 16. Nh4 Qd7 17. Nxf5 gxf5 18. Re1 d5 19. Ne2 Nc8 20. Ng3 Nd6 21. Bd2 Ne4 22. Qe3 Rac8 23. Bb4 Rf7 24. c3 Kh7 25. Nh5 Bf8 26. Kh1 Be7 27. Bxe7 Qxe7 28. Re2 Rg8 29. Qh3 Rg4 30. Rf1 Rf8 31. Rf3 Rfg8 32. Kg1 Qf7 33. Kf1 Qg6 34. g3 Qf7 35. Rd3 Rc8 36. Qg2 b5 37. a3 a5 38. Qf3 Qxh5 0-1

[Event "Dubai op 16th"]
[Site "Dubai"]
[Date "2014.04.14"]
[Round "8"]
[White "Tabada, Jobannie C"]
[Black "Vakhidov, Jahongir"]
[Result "1/2-1/2"]
[WhiteElo "2210"]
[BlackElo "2472"]
[PlyCount "229"]
[EventDate "2014.04.07"]
[EventType "swiss"]
[EventRounds "9"]
[EventCountry "UAE"]
[SourceTitle "CBM 159 Extra"]
[Source "ChessBase"]
[SourceDate "2014.04.24"]
[SourceVersion "1"]
[SourceVersionDate "2014.04.24"]
[SourceQuality "1"]

1. e4 c5 2. Nf3 Nc6 3. d4 cxd4 4. Nxd4 g6 5. c4 Bg7 6. Be3 Nf6 7. Nc3 0-0 8. Be2 b6 9. 0-0 Bb7 10. f3 Nh5 11. Qd2 Nf4 12. Ndb5 Nxe2+ 13. Nxe2 Re8 14. Rad1 d6 15. b3 Qd7 16. Nf4 Rac8 17. Rfe1 Red8 18. Nd5 Ba6 19. Bg5 Re8 20. Be3 Ne5 21. a4 Nc6 22. Nb4 Bxb5 23. axb5 Na5 24. Rb1 Qe6 25. Red1 Be5 26. f4 Bg7 27. Qd5 Qg4 28. h3 Qh4 29. Rf1 Qf6 30. Qd3 Qc3 31. Qxc3 Bxc3 32. Nd5 Bg7 33. Bd2 e6 34. Ne3 Nb7 35. Kf2 Nc5 36. Kf3 a5 37. bxa6 Nxa6 38. Rfd1 Red8 39. Be1 Rb8 40. Bh4 f6 41. Ng4 Kf7 42. Ra1 Nc5 43. b4 Nb7 44. Ra6 Rdc8 45. Ne3 b5 46. cxb5 Rc3 47. Be1 Rc7 48. Rc6 Rd7 49. Nc4 Bf8 50. b6 Be7 51. Ra1 d5 52. exd5 exd5 53. Rc7 Ke6 54. Rd1 Rxc7 55. bxc7 Rc8 56. Ne3 Rxc7 57. f5+ gxf5 58. Nxd5 Rc2 59. Nf4+ Kf7 60. Rd7 Nd6 61. Ra7 Nb5 62. Rd7 Ke8 63. Rd5 Nd6 64. Ne6 Rb2 65. Nd4 Rb1 66. Bg3 Nf7 67. b5 Ng5+ 68. Ke3 Bd8 69. Kd3 Ne4 70. Bf4 Rd1+ 71. Kc4 Rf1 72. g3 Bb6 73. Nxf5 Rh1 74. h4 Ra1 75. Nd6+ Nxd6+ 76. Rxd6 Bd8 77. b6 Rb1 78. Be3 Be7 79. Rd3 Bd8 80. Rd6 Be7 81. Rd5 Rb4+ 82. Kc3 Rb1 83. Kc4 Rb4+ 84. Kc3 Rb1 85. Kc2 Rb4 86. Ra5 Bd8 87. Bc5 Rc4+ 88. Kd3 Rg4 89. Rb5 Rxg3+ 90. Ke2 Rg2+ 91. Kf3 Rc2 92. Bd6 Rc3+ 93. Kg4 Rc4+ 94. Bf4 Kf7 95. Kf5 Bxb6 96. Rxb6 Rc5+ 97. Kg4 Kg6 98. Ra6 Rb5 99. Rc6 Ra5 100. Rc7 Rb5 101. Ra7 Rc5 102. Ra8 Rb5 103. Kf3 Rb3+ 104. Be3 Rb5 105. Rg8+ Kf7 106. Rg3 Ra5 107. Kg2 Rb5 108. Kh3 Ra5 109. Bd2 Rd5 110. Bc1 Rc5 111. Bd2 Rd5 112. Be3 Ra5 113. Bh6 Rh5 114. Bf4 Rb5 115. Bd2 1/2-1/2